Practice papers for the MRCGP written Exam: (Record no. 852)

MARC details
000 -LEADER
fixed length control field 00579nam a22002057a 4500
003 - CONTROL NUMBER IDENTIFIER
control field OSt
005 - DATE AND TIME OF LATEST TRANSACTION
control field 20230928134744.0
008 - FIXED-LENGTH DATA ELEMENTS--GENERAL INFORMATION
fixed length control field 150107b xxu||||| |||| 00| 0 eng d
020 ## - INTERNATIONAL STANDARD BOOK NUMBER
International Standard Book Number 1901198162
040 ## - CATALOGING SOURCE
Transcribing agency DNLM
082 ## - DEWEY DECIMAL CLASSIFICATION NUMBER
Classification number WB18 P881r 2002
100 ## - MAIN ENTRY--PERSONAL NAME
Personal name Daniels Rob; [et....al]
9 (RLIN) 2300
245 ## - TITLE STATEMENT
Title Practice papers for the MRCGP written Exam:
Remainder of title paper 1
260 ## - PUBLICATION, DISTRIBUTION, ETC. (IMPRINT)
Place of publication, distribution, etc. Manchester:
Name of publisher, distributor, etc. PASTEST,
Date of publication, distribution, etc. 2002
300 ## - PHYSICAL DESCRIPTION
Extent iv, 332 p :
Dimensions 28 cm.
504 ## - BIBLIOGRAPHY, ETC. NOTE
Bibliography, etc Includes index, questions and answers.
650 ## - SUBJECT ADDED ENTRY--TOPICAL TERM
Topical term or geographic name as entry element Medicicne MCQS
9 (RLIN) 2301
650 ## - SUBJECT ADDED ENTRY--TOPICAL TERM
Topical term or geographic name as entry element MCQS Clinicals
9 (RLIN) 9125
942 ## - ADDED ENTRY ELEMENTS (KOHA)
Source of classification or shelving scheme Other/Generic Classification Scheme
Koha item type Short Loan
Holdings
Withdrawn status Lost status Source of classification or shelving scheme Damaged status Not for loan Home library Current library Date acquired Source of acquisition Inventory number Total Checkouts Full call number Barcode Date last seen Koha item type
    Other/Generic Classification Scheme     MUST Main Library MUST Main Library 07/01/2015 Donation 06/27341   WB 18 P881r 2002 2015-0029 07/01/2015 Short Loan
    Other/Generic Classification Scheme     MUST Main Library MUST Main Library 07/01/2015 Donation 06/27339   WB 18 P881r 2002 2015-0030 07/01/2015 Short Loan